000 00476nam a2200181Ia 4500
001 8762
005 20260306160633.0
008 260306t1990||||xx |||||||||||||| ||spa||
041 _aESP
082 _a371.33
_bC91
100 _aCrovi Druetta, Delia María,
_eAUT
245 0 _aMetodología para la producción y evaluación de materiales didácticos
260 _c1990
300 _a145 páginas :
_c21 cm.
650 _aGEN
654 _aCED
942 _cLIB
_dJUS
_fJUS
_2ddc
_n
999 _c8762
_d8762